| 000 | 01102cam a22002531i 4500 | ||
|---|---|---|---|
| 003 | SA_RiAUC | ||
| 005 | 20260107113556.0 | ||
| 008 | 260101s2011____le g 000 0 ara c | ||
| 040 |
_aSA-JeALM _bara _cSA-RiAUC _erda |
||
| 082 | 0 | 4 |
_a258.1 _qSA-RiAUC |
| 090 | _a258.1 | ||
| 100 | 1 |
_aالنسفي، عبد الله بن أحمد بن محمود، _dتوفي 710 هجري _eمؤلف. |
|
| 245 | 1 | 0 |
_aكنز الدقائق في الفقه الحنفي / _cحافظ الدين أبو البركات النسفي ؛ تحقيق وتعليق سائد بكداش. |
| 250 | _aالطبعة الأولى. | ||
| 264 | 1 |
_aبيروت : _aالمدينة المنورة : _bدار البشائر الإسلامية ؛ _bدار السراج، _c2011 |
|
| 300 |
_a723 صفحة ؛ _c24 سم |
||
| 336 |
_aنص _btxt _2rdacontent _3كتاب |
||
| 337 |
_aبدون وسيط _bn _2rdamedia |
||
| 338 |
_aمجلد _bnc _2rdacarrier |
||
| 650 | 7 |
_aالفقه الحنفي _2aucsh |
|
| 700 | 1 |
_aبكداش، سائد بن محمد بن يحيى _eمحقق. |
|
| 942 |
_2ddc _cBOOK _n0 |
||
| 949 |
_aSA-JeALM _d260101 _uosman123 _n1 |
||
| 999 |
_c13941 _d13941 |
||